| 000 | 00546nam a2200181Ia 4500 | ||
|---|---|---|---|
| 003 | IN-BaIIA | ||
| 008 | 211028s9999 xx 000 0 eng d | ||
| 040 | _cIIA Library | ||
| 080 |
_a[8]:01:00 _bRAM |
||
| 100 |
_aRam, Suresh _917017 |
||
| 245 | 0 |
_aSrinivasa Ramanujan _cSuresh Ram |
|
| 260 |
_aNew Delhi _bSahitya Academi _c1989 |
||
| 300 | _a86p. | ||
| 650 |
_abiography _91224 |
||
| 650 |
_aBiography-Srinivasa Ramanujan _917018 |
||
| 650 |
_aSrinivasa Ramanujan Biography _917019 |
||
| 942 | _cBK | ||
| 999 |
_c10052 _d10052 |
||